[Event "Wuerttemberg-ch"]
[Site "Zell"]
[Date "1991.??.??"]
[Round "5"]
[White "Migl, Dieter"]
[Black "Roth, Juergen"]
[Result "1/2-1/2"]
[WhiteElo "2235"]
[BlackElo "2285"]

1.e4 g6 2.d4 Bg7 3.Nc3 d6 4.Nge2 Nc6 5.d5 Nb4 6.a3 Na6 7.g3 Nf6 8.Bg2 O-O
9.O-O Bd7 10.h3 c6 11.Be3 cxd5 12.exd5 Qc7 13.Qd2 Rfc8 14.Rfe1 Nc5 15.Nd4 Na4
16.Nxa4 Bxa4 17.Rac1 Qd8 18.c4 Rc7 19.b3 Be8 20.b4 Rac8 21.Qa2 a6 22.a4 Nd7
23.a5 e5 24.dxe6 Ne5 25.Bf1 Qf6 26.f4 Nc6 27.Nxc6 Rxc6 28.Bg2 R6c7 29.Bf2 fxe6
30.Rcd1 Bf7 31.Rxd6 Qc3 32.c5 Qxb4 33.Red1 Bf6 34.Rb6 Qc3 35.Bxb7 Rxc5 36.Bxc8 Rxc8
37.Rb7 Qf3 38.Rdb1 Rd8 39.Rb8 e5 40.Qa4 Bd5 41.Kf1  1/2-1/2

[Event "Wuerttemberg-ch"]
[Site "Zell"]
[Date "1991.??.??"]
[Round "9"]
[White "Kobese, Watu"]
[Black "Roth, Juergen"]
[Result "1-0"]
[WhiteElo "2275"]
[BlackElo "2285"]

1.e4 g6 2.d4 Bg7 3.Nc3 d6 4.h3 Nc6 5.Be3 e5 6.dxe5 Nxe5 7.Nf3 Nd7 8.Bc4 Ngf6
9.O-O O-O 10.Re1 a6 11.a4 Re8 12.Bg5 h6 13.Bf4 Nb6 14.Bb3 Be6 15.a5 Nbd7
16.Bxe6 Rxe6 17.Nd4 Re8 18.Qd2 Kh7 19.Bh2 Nc5 20.f3 Nh5 21.Nd5 Rc8 22.Rad1 Qh4
23.Qf2 Qg5 24.g4 c6 25.h4 Nxe4 26.hxg5 Nxf2 27.Kxf2 Rxe1 28.Kxe1 cxd5 29.gxh5 gxh5
30.gxh6 Bxd4 31.Rxd4 Rxc2 32.Rd2 Rc1+ 33.Ke2 Kxh6 34.Rxd5 Rc2+ 35.Rd2 Rc5
36.b4 Rb5 37.Bxd6 b6 38.axb6 Rxb6 39.Bc5 Re6+ 40.Be3+ Kg6 41.Kf2 Re5  1-0

[Event "Aarhus-A"]
[Site "Aarhus"]
[Date "1992.??.??"]
[Round "2"]
[White "Sobjerg, Erik"]
[Black "Alkaersig, Ole"]
[Result "1-0"]
[WhiteElo "2320"]
[BlackElo "2260"]

1.e4 g6 2.d4 Bg7 3.Nc3 d6 4.Bg5 Nd7 5.Qd2 c5 6.Nf3 h6 7.Be3 Ngf6 8.Be2 Ng4
9.Bf4 cxd4 10.Nxd4 Qb6 11.Bxg4 Qxd4 12.Qxd4 Bxd4 13.Nd5 Nb6 14.Nc7+  1-0

[Event "ARG-ch"]
[Site "ARG"]
[Date "1992.??.??"]
[Round "?"]
[White "Needleman, Alejandro"]
[Black "Amura, Claudia Noemi"]
[Result "1/2-1/2"]
[WhiteElo "2340"]
[BlackElo "2355"]

1.e4 g6 2.d4 Bg7 3.Nc3 d6 4.f4 c6 5.Nf3 Bg4 6.Be3 d5 7.e5 e6 8.h3 Bxf3 9.Qxf3 h5
10.O-O-O h4 11.Bf2 Ne7 12.Rd3 Nd7 13.Nd1 Nf5 14.Ne3 Nxe3 15.Qxe3 Bf8 16.Rb3 Qc7
17.Kb1 O-O-O 18.Qe1 Be7 19.g4 hxg3 20.Rxg3 Kb8 21.Be2 Rc8 22.Rb3 Ka8 23.h4 c5
24.Qd1 cxd4 25.h5 gxh5 26.Rxh5 Rxh5 27.Bxh5 f6 28.Bxd4 fxe5 29.Rc3 Qd8 30.Rxc8+ Qxc8
31.fxe5 Nb8 32.Bf7 Nc6 33.c3 Nxd4 34.cxd4 Bg5 35.Qc2 Qc6 36.Qxc6 bxc6 37.Kc2 Kb7
38.b4 Be7 39.Kb3 Kb6 40.Bxe6 Bf8 41.a4 a6 42.a5+ Kb5 43.Bd7 Be7 44.e6 Bd6
45.Be8  1/2-1/2

[Event "AUT-chT"]
[Site "AUT"]
[Date "1992.??.??"]
[Round "?"]
[White "Sinowjew, Juri"]
[Black "Schlosser, Michael"]
[Result "1/2-1/2"]
[WhiteElo "2310"]
[BlackElo "2380"]

1.e4 g6 2.d4 Bg7 3.Nc3 d6 4.Nge2 Nf6 5.g3 O-O 6.Bg2 e5 7.h3 Nc6 8.Be3 a6
9.O-O exd4 10.Nxd4 Bd7 11.f4 Re8 12.Re1 Na5 13.Qd3 c5 14.Nf3 Bc6 15.e5 dxe5
16.Qxd8 Raxd8 17.Nxe5 Bxg2 18.Kxg2 Nd7 19.Nxd7 Rxd7 20.Bxc5 Rc8 21.Bf2 Nc4
22.Rad1 Rxd1 23.Nxd1 Nxb2 24.Nxb2 Bxb2 25.Re2 Rc4 26.Kf3 h5 27.Ke3 h4 28.gxh4 b5
29.Be1 Bc1+ 30.Kd3 Rxf4 31.Re8+ Kh7 32.Ra8 Rf6 33.c4 bxc4+ 34.Kxc4 Bb2 35.Kb3 Rb6+
36.Kc4 Bf6 37.a4 Re6 38.Bf2 Re4+ 39.Kb3 Re2 40.Bc5 Re6 41.Bf2 Rc6 42.a5 Rc3+
43.Kb4 Rf3  1/2-1/2

[Event "AUT-chT"]
[Site "AUT"]
[Date "1992.??.??"]
[Round "?"]
[White "Brandl, Rudolf"]
[Black "Kranzl, Peter"]
[Result "1-0"]
[WhiteElo "2240"]
[BlackElo "2325"]

1.e4 d6 2.d4 g6 3.Nc3 Bg7 4.Be2 Nc6 5.Be3 e5 6.dxe5 Nxe5 7.Nf3 Be6 8.Nd4 Bc4
9.f4 Bxe2 10.Qxe2 Nd7 11.O-O-O Ne7 12.g4 a6 13.e5 dxe5 14.fxe5 Bxe5 15.Bh6 c5
16.Nf3 Bxc3 17.bxc3 Qa5 18.Rxd7 Kxd7 19.Rd1+ Kc8 20.Qxe7 Qa3+ 21.Kb1  1-0

[Event "Bad Woerishofen op"]
[Site "Bad Woerishofen"]
[Date "1992.??.??"]
[Round "3"]
[White "Mainka, Romuald"]
[Black "Jansa, Vlastimil"]
[Result "1-0"]
[WhiteElo "2455"]
[BlackElo "2460"]

1.e4 d6 2.d4 g6 3.Nc3 Bg7 4.Be3 a6 5.Qd2 b5 6.a4 b4 7.Nce2 Nf6 8.Ng3 h5 9.f3 h4
10.N3e2 a5 11.c3 Na6 12.Nc1 O-O 13.Nb3 bxc3 14.bxc3 c6 15.Bd3 Rb8 16.Nc1 c5
17.Nge2 cxd4 18.cxd4 Nb4 19.Bb1 Nd7 20.Bh6 Bxh6 21.Qxh6 e5 22.O-O exd4 23.Nxd4 Qf6
24.Rd1 Ne5 25.Nce2 h3 26.Ra3 hxg2 27.Kxg2 Bd7 28.Kh1 Rfc8 29.Rg1 Qg7 30.Qg5 Nc4
31.Rc3 Rc5 32.Qe7 Bxa4 33.Nf5 Re8 34.Qh4 Qh8 35.Qxh8+ Kxh8 36.Nxd6 Nxd6 37.Rxc5 Nb5
38.Rgc1 Kg7 39.Nf4 Na6 40.Rc6 Nb4 41.Rb6 Rd8 42.Rb7 Rd2 43.e5 Nd4 44.Be4 Bb3
45.Rc8 Ne6 46.Nh3 Ba4 47.Rbb8 f5 48.exf6+ Kxf6 49.Rg8 Ke5 50.Rxg6 Nc6 51.Rh8 Ncd4
52.Rh5+ Kd6 53.Rxa5 Bb5 54.Nf4 Rd1+ 55.Kg2 Bf1+ 56.Kg3 Bc4  1-0

[Event "Baden-Baden-B"]
[Site "Baden-Baden"]
[Date "1992.??.??"]
[Round "9"]
[White "Vogt, Lothar"]
[Black "Hickl, Joerg"]
[Result "1/2-1/2"]
[WhiteElo "2530"]
[BlackElo "2540"]

1.e4 g6 2.d4 Bg7 3.Nc3 d6 4.g3 Nc6 5.d5 Ne5 6.f4 Nd7 7.Be3 Ngf6 8.Bd4 O-O
9.e5 Ne8 10.Nf3 dxe5 11.Nxe5 Nxe5 12.Bxe5 Bxe5 13.fxe5 c6 14.Bg2 Qb6 15.Qd2 Nc7
16.O-O-O cxd5 17.Bxd5 Be6 18.Bxe6 Qxe6 19.Rhe1 Rfc8 20.Re4 Na6 21.Qh6 Rc4
22.Rxc4 Qxc4 23.Qf4 Qxf4+ 24.gxf4 Rc8 25.Rd4 Nb8 26.Rb4 Rc7 27.Nb5 Nc6 28.Nxc7 Nxb4
29.Kd2 f6 30.c3 Nc6 31.exf6 exf6 32.Ne8 f5 33.Nd6 Nd8 34.Ke3 Kg7 35.Nc8 a6
36.a4 Kf6 37.a5 h6 38.h4 g5 39.fxg5+ hxg5 40.hxg5+ Kxg5 41.b4 Nf7 42.c4 f4+
43.Kf2 Ne5 44.Nd6  1/2-1/2

[Event "Balatonbereny op"]
[Site "Balatonbereny"]
[Date "1992.??.??"]
[Round "3"]
[White "Dobos, Jozsef"]
[Black "Szirmai, Eduard"]
[Result "1-0"]
[WhiteElo "2355"]
[BlackElo "2265"]

1.e4 g6 2.d4 Bg7 3.Nc3 d6 4.Be3 c6 5.Qd2 b5 6.Bd3 Nd7 7.Nf3 Qc7 8.O-O a6
9.a4 b4 10.Ne2 a5 11.c3 bxc3 12.Nxc3 Rb8 13.d5 c5 14.Bb5 Nf6 15.Bh6 O-O 16.Rfe1 Nb6
17.Bxg7 Kxg7 18.e5 dxe5 19.Nxe5 Bb7 20.Nc6 Bxc6 21.dxc6 Rbd8 22.Qe3 Ng4 23.Qg3 Qxg3
24.hxg3 e6 25.Ne4 c4 26.Rad1 Nf6 27.Nd6 Nfd5 28.Nxc4 Nxc4 29.Bxc4 Rc8 30.Bxd5 exd5
31.Rxd5 Rxc6 32.Rxa5 Rb8 33.Rb5 Rxb5 34.axb5 Rc5 35.b6 Rb5 36.Re2 Rxb6 37.Kf1 f5
38.Ke1 Kf6 39.Kd1 g5 40.Kc2 h5 41.Kc3 g4 42.b4 Rc6+ 43.Kd4 Rc1 44.b5 Rb1
45.Kc5 Kg5 46.b6 Rc1+ 47.Kd6 Rd1+ 48.Kc7 Rc1+ 49.Kb8 f4 50.Rb2 fxg3 51.fxg3  1-0

[Event "Balatonbereny op"]
[Site "Balatonbereny"]
[Date "1992.??.??"]
[Round "6"]
[White "Lendvai, Noemi"]
[Black "Szirmai, Eduard"]
[Result "0-1"]
[WhiteElo "2175"]
[BlackElo "2265"]

1.e4 g6 2.d4 Bg7 3.Nc3 d6 4.Be3 c6 5.Bd3 b5 6.Qd2 Nd7 7.f4 Ngf6 8.h3 Bb7
9.Nf3 a6 10.Qf2 b4 11.Nd1 Rc8 12.c4 bxc3 13.Nxc3 c5 14.d5 O-O 15.O-O e6 16.dxe6 fxe6
17.f5 exf5 18.exf5 d5 19.fxg6 hxg6 20.Bg5 d4 21.Bc4+ Rf7 22.Bxf6 Qxf6 23.Qg3 dxc3
24.bxc3 Nb6 25.Bxf7+ Qxf7 26.Ng5 Qc7 27.Qh4 Bxc3 28.Rad1 Nd5 29.Rd3 Bd4+
30.Rxd4 cxd4 31.Ne6 Qe5 32.Qg4 Ne7 33.Nf4 Rf8 34.Nxg6 Rxf1+ 35.Kxf1 Qb5+
36.Kf2 Qb2+  0-1

[Event "Berliner Sommer"]
[Site "Berlin"]
[Date "1992.??.??"]
[Round "?"]
[White "Tischbierek, Raj"]
[Black "Gik, Evgeny"]
[Result "1-0"]
[WhiteElo "2495"]
[BlackElo "2375"]

1.e4 g6 2.d4 Bg7 3.Nc3 d6 4.Be3 Nf6 5.f3 O-O 6.Qd2 e5 7.d5 c6 8.O-O-O c5
9.Bh6 a6 10.h4 Nh5 11.g4 Nf4 12.Bxg7 Kxg7 13.Nge2 Nxe2+ 14.Bxe2 h6 15.f4 exf4
16.Qxf4 Qe7 17.g5 h5 18.e5 dxe5 19.Qe3 Bf5 20.d6 Qe6 21.Bf3 e4 22.Bxe4 Nd7
23.Rhe1 Bg4 24.Bxb7 Rab8 25.Bf3 Qxe3+ 26.Rxe3 Bxf3 27.Rxf3 Rb4 28.Re3 Rxh4
29.Re7 Nb8 30.d7 Rd4 31.Nd5 Nc6 32.Re8 h4 33.Rxd4 cxd4 34.Nf4 Rh8 35.Nh3 Rf8
36.Nf4 Rh8 37.Nh3 Rf8 38.Kd2 f6 39.gxf6+ Rxf6 40.Rc8 Rd6 41.Rxc6 Rxd7 42.Rxa6 Rf7
43.Ke2 Kh6 44.Rd6 Kh5 45.Rxd4 Rf5 46.c4 g5 47.Rd5 Rxd5 48.cxd5 g4 49.Nf4+ Kg5
50.Ne6+ Kf5 51.Kf2 Ke5 52.Ng7 Kxd5 53.Nf5  1-0

[Event "Bern op"]
[Site "Bern"]
[Date "1992.??.??"]
[Round "2"]
[White "Flueckiger, Christian"]
[Black "Marangunic, Srdjan"]
[Result "1/2-1/2"]
[WhiteElo "2245"]
[BlackElo "2475"]

1.e4 g6 2.d4 Bg7 3.Nc3 d6 4.Nge2 c6 5.a4 Nf6 6.g3 O-O 7.Bg2 e5 8.O-O Na6
9.h3 Re8 10.Re1 exd4 11.Nxd4 Nb4 12.a5 d5 13.exd5 Rxe1+ 14.Qxe1 c5 15.Nce2 Nfxd5
16.Bd2 cxd4 17.Bxb4 d3 18.cxd3 Bxb2 19.Rb1 Bg7 20.a6 Rb8 21.Bc5 b6 22.Nd4 Bd7
23.Bxd5 bxc5 24.Rxb8 Qxb8 25.Nc6 Qd6 26.Qe7 Qxe7 27.Nxe7+ Kf8 28.Nc6  1/2-1/2

[Event "Bern op"]
[Site "Bern"]
[Date "1992.??.??"]
[Round "6"]
[White "Campora, Daniel H"]
[Black "Marangunic, Srdjan"]
[Result "1-0"]
[WhiteElo "2550"]
[BlackElo "2475"]

1.e4 g6 2.d4 Bg7 3.Nc3 d6 4.f4 a6 5.Nf3 b5 6.a4 b4 7.Na2 a5 8.c3 bxc3 9.Nxc3 e6
10.Be2 Ne7 11.O-O O-O 12.Be3 Na6 13.Rc1 Rb8 14.Qd2 c6 15.h4 h5 16.Bd3 Nb4
17.Bb1 d5 18.e5 Nf5 19.Bf2 Ba6 20.Rfe1 Qe7 21.Kh1 Rfc8 22.Rg1 Nh6 23.Nh2 Kf8
24.g4 hxg4 25.Nxg4 Nf5 26.h5 gxh5 27.Ne3 Nxe3 28.Qxe3 Bh6 29.Qh3 Ke8 30.Rg8+ Kd7
31.Bh4 Rxg8 32.Bxe7 Kxe7 33.Qh4+ Kf8 34.Rg1 Rxg1+ 35.Kxg1 Bd3 36.Qxh5 Kg7
37.Qg4+ Kh7 38.Qd1 Rg8+ 39.Kf2 Bg6 40.Ne2 f6 41.exf6 Kh8 42.Ng3 Kh7 43.Kf3 Bf8
44.Qh1+ Bh6 45.f5 exf5 46.Nxf5  1-0

[Event "Biel op"]
[Site "Biel"]
[Date "1992.??.??"]
[Round "8"]
[White "Sokolov, Andrei"]
[Black "Dunnington, Angus J"]
[Result "1-0"]
[WhiteElo "2605"]
[BlackElo "2355"]

1.e4 d6 2.d4 g6 3.Nc3 Bg7 4.f4 c6 5.Nf3 Bg4 6.Be3 Qb6 7.Qd2 Bxf3 8.gxf3 Nd7
9.O-O-O Qa5 10.Kb1 b5 11.e5 Nh6 12.d5 b4 13.dxc6 bxc3 14.cxd7+ Kd8 15.Qd3 Rb8
16.b3 Nf5 17.Bh3 Nxe3 18.Qxe3 dxe5 19.Rhe1 e4 20.Rd4 e6 21.fxe4 Bxd4 22.Qxd4 Ke7
23.f5 e5 24.Qc4 Rhd8 25.f6+ Kf8 26.Re3 Qb6 27.Rxc3 Qxf6 28.Qc5+ Kg7 29.Qxa7 Qb6
30.Qxb6 Rxb6 31.Rc8 Rb8 32.c4 Kf6 33.c5 Ke7 34.c6  1-0

[Event "Biel op"]
[Site "Biel"]
[Date "1992.??.??"]
[Round "10"]
[White "Boog, Alexandre"]
[Black "Dunnington, Angus J"]
[Result "0-1"]
[WhiteElo "2375"]
[BlackElo "2355"]

1.e4 g6 2.d4 d6 3.Nc3 Bg7 4.Be3 a6 5.Qd2 b5 6.f3 Nd7 7.Nh3 Bb7 8.Nf2 c5 9.d5 Ngf6
10.Be2 Qc7 11.O-O O-O 12.g4 Nb6 13.Bh6 e5 14.Kh1 Bxh6 15.Qxh6 Kh8 16.Ncd1 Ng8
17.Qh4 Qe7 18.Qh3 Qg5 19.Rg1 Qd2 20.Bf1 Qxc2 21.Qg3 Qd2 22.Nh3 Qh6 23.f4 exf4
24.Nxf4 Qg7 25.Bd3 Rae8 26.Rc1 Nf6 27.Re1 Nfxd5 28.Nxd5 Nxd5 29.Qxd6 Nb4
30.Bb1 Qe5 31.Qxe5+ Rxe5  0-1

[Event "Bled op"]
[Site "Bled"]
[Date "1992.??.??"]
[Round "5"]
[White "Grosar, Aljosa"]
[Black "Kljako, Damir"]
[Result "1/2-1/2"]
[WhiteElo "2455"]
[BlackElo "2335"]

1.e4 d6 2.d4 g6 3.Nc3 Bg7 4.f4 Nc6 5.Be3 e6 6.Nf3 a6 7.Bd3 d5 8.e5 Nge7 9.O-O b6
10.Qd2 Bb7 11.g4 Qd7 12.Ne2 Na5 13.b3 O-O-O 14.Ng3 Kb8 15.Ng5 Nec6 16.c3 h6
17.Nf3 Ne7 18.f5 gxf5 19.gxf5 f6 20.fxe6 Qxe6 21.exf6 Bxf6 22.Rae1 Qh3 23.Kh1 Rdf8
24.Bf4 Nac6 25.Ne5 Nxe5 26.Bxe5 Bxe5 27.Rxf8+ Rxf8 28.Rxe5 Nc8 29.Rh5 Qg4
30.Qe2 Qf4 31.Re5  1/2-1/2

[Event "Bozen op"]
[Site "Bozen"]
[Date "1992.??.??"]
[Round "8"]
[White "Kosten, Anthony C"]
[Black "Laketic, Gojko"]
[Result "0-1"]
[WhiteElo "2530"]
[BlackElo "2480"]

1.e4 d6 2.d4 g6 3.Nc3 Bg7 4.Nf3 Nf6 5.Be3 c6 6.Qd2 b5 7.Bd3 O-O 8.Bh6 Bg4
9.Bxg7 Kxg7 10.Qf4 Bxf3 11.Qxf3 e5 12.dxe5 dxe5 13.O-O Nbd7 14.Rfd1 Qe7 15.a4 a6
16.Ne2 Nc5 17.a5 Rfd8 18.Ng3 h5 19.h3 Ne6 20.c3 c5 21.Bc2 c4 22.Nf1 Qc7 23.Qg3 Nc5
24.Nd2 Re8 25.Qe3 Rad8 26.Nf3 Rd7 27.Rxd7 Nfxd7 28.Rd1 Qxa5 29.b4 cxb3 30.Bxb3 Re7
31.Bd5 Qb6 32.Ng5 Qf6 33.h4 Qf4 34.Qxf4 exf4 35.Nh3 Nb6 36.f3 Nca4 37.Bb3 Nxc3
38.Rd6 Rb7 39.Ng5 a5 40.Bxf7 Rxf7 41.Nxf7 a4 42.Ng5 Nc4 43.Ra6 a3 44.Ne6+ Kf7
45.Nd4 b4 46.Nb3 a2 47.Kh2 Na3 48.e5 Ne2 49.Rc6 Nd4 50.Rf6+ Ke8 51.Nxd4 a1=Q
52.Re6+ Kf8 53.Rf6+ Kg7  0-1

[Event "Spring op"]
[Site "Budapest"]
[Date "1992.??.??"]
[Round "?"]
[White "Tangborn, Eric"]
[Black "Kincs, Imre"]
[Result "1/2-1/2"]
[WhiteElo "2355"]
[BlackElo "2285"]

1.d4 g6 2.e4 Bg7 3.Nc3 d6 4.g3 Nc6 5.d5 Nd4 6.Be3 c5 7.dxc6 Nxc6 8.h3 Bd7
9.Nge2 Nf6 10.Bg2 O-O 11.O-O Ne5 12.Rb1 Qc8 13.Kh2 b5 14.Nd5 Nxd5 15.exd5 Qc7
16.Nd4 Nc4 17.Bc1 Rac8 18.c3 e5 19.dxe6 fxe6 20.Qe2 Rce8 21.b3 Ne5 22.f4 Nf7
23.Nxb5 Bxb5 24.Qxb5 Bxc3 25.Be3 Rc8 26.Qa6 d5 27.Rfc1 Qd7 28.Qxa7 Rc7 29.Qa4 Qxa4
30.bxa4 Rfc8 31.Bb6 Rc4 32.a5 Nd6 33.a6 g5 34.a7 gxf4 35.gxf4 Ra4 36.Rc2 Kf7
37.Rb3 Be1 38.Rxc8 Nxc8 39.f5 Rxa2 40.fxe6+ Kxe6 41.Bd4 Bd2 42.Rb7 Bf4+ 43.Kg1 Be5
44.Bc5 Ra5 45.Kf1 Nxa7 46.Bxa7 Ra1+  1/2-1/2

[Event "Wch U20"]
[Site "Buenos Aires"]
[Date "1992.??.??"]
[Round "?"]
[White "Bezold, Michael"]
[Black "Reinderman, Dimitri"]
[Result "1/2-1/2"]
[WhiteElo "2490"]
[BlackElo "2435"]

1.e4 d6 2.d4 g6 3.Nc3 Bg7 4.g3 Nf6 5.Bg2 O-O 6.Nge2 e5 7.O-O exd4 8.Nxd4 Re8
9.Re1 Bd7 10.h3 a6 11.Bf4 Nc6 12.Nxc6 bxc6 13.Qd2 Qb8 14.Rab1 Qb4 15.a3 Qb7
16.e5 Nh5 17.exd6 Nxf4 18.Qxf4 cxd6 19.Ne4 Qc7 20.Qxd6 Qxd6 21.Nxd6 Rxe1+
22.Rxe1 Bxb2 23.Nc4 Bf6 24.Nb6  1/2-1/2

[Event "Wch U20"]
[Site "Buenos Aires"]
[Date "1992.??.??"]
[Round "?"]
[White "Cueto, Johny"]
[Black "Rocha, Sergio"]
[Result "0-1"]
[WhiteElo "2170"]
[BlackElo "2310"]

1.d4 d6 2.e4 g6 3.Nc3 Bg7 4.f4 Nf6 5.Nf3 O-O 6.Be3 c6 7.Qd2 b5 8.Bd3 Nbd7
9.e5 Ng4 10.Bg1 Nb6 11.h3 Nh6 12.g4 Nc4 13.Bxc4 bxc4 14.Be3 f5 15.g5 Nf7
16.h4 dxe5 17.dxe5 Be6 18.Qh2 h5 19.gxh6 Nxh6 20.Ng5 Ng4 21.Nxe6 Qc8 22.Qe2 Qxe6
23.Bd2 a5 24.O-O-O Rab8 25.h5 gxh5 26.Rxh5 Rb7 27.Na4 Qd5 28.Bc3 Qb5 29.Rxf5 Rxf5
30.Qxg4 e6 31.Qg6 Re7 32.Rd8+ Rf8 33.Rxf8+ Kxf8 34.b3 cxb3 35.axb3 Qf1+ 36.Kb2 Qxf4
37.Nc5 Qf5 38.Qg3 Bh6 39.Nd3 Rg7 40.Qh2 Be3 41.Bxa5 Kg8 42.Qh1 c5 43.Qc6 Ra7
44.Qb6 Rd7 45.Bc3 c4 46.Qb8+ Kf7 47.bxc4 Qe4 48.Bb4 Qxc4 49.Qf8+ Kg6 50.Qe8+ Rf7
51.Qg8+ Rg7 52.Qe8+ Rf7 53.Qg8+ Rg7 54.Qe8+ Kg5 55.Qa4 Kf5 56.Qb3 Bd4+ 57.Ka2 Ra7+
58.Ba3 Qxb3+ 59.Kxb3 Bxe5 60.Bc5 Rb7+ 61.Kc4 Bg3 62.Nb4 e5 63.Kd5 e4 64.Kc6 Rh7
65.Nd5 Bf4 66.c4 Rh3 67.Ne7+ Kg5 68.Kd5 e3 69.Nc6 e2 70.Be7+ Kg6 71.Bb4 Rd3+
72.Ke4 Rb3 73.Ba5 Bc7 74.Bd2 Rb1 75.c5 Kf7 76.Nd4 e1=Q+ 77.Bxe1 Rxe1+ 78.Kd5 Rd1
79.Kc4 Ke7 80.Nc6+ Kd7 81.Na7 Be5 82.Nb5 Kc6 83.Na7+ Kc7 84.Nb5+ Kb7 85.Kb4 Ra1
86.Na3 Kc6 87.Nc4 Bc7 88.Ne3 Ba5+ 89.Kc4 Rc1+ 90.Kd4 Rxc5 91.Ke4 Bc3 92.Ng4 Kd6
93.Kf4 Ke6 94.Nf2 Rf5+  0-1

[Event "Grand Prix I"]
[Site "Buenos Aires"]
[Date "1992.??.??"]
[Round "4"]
[White "Giaccio, Alfredo"]
[Black "Godoy, Carlos"]
[Result "0-1"]
[WhiteElo "2370"]
[BlackElo "2215"]

1.e4 g6 2.d4 Bg7 3.Nc3 d6 4.Be3 c6 5.Qd2 Nd7 6.f3 b5 7.Bd3 Nb6 8.h4 h5 9.g3 b4
10.Nce2 a5 11.a3 bxa3 12.Rxa3 a4 13.Kf2 Nf6 14.Kg2 Ba6 15.Nh3 Bxd3 16.cxd3 Nfd7
17.Rc1 Rc8 18.Nc3 c5 19.dxc5 Nxc5 20.Bxc5 Rxc5 21.Nxa4 Nxa4 22.Rxa4 Rxc1
23.Qxc1 O-O 24.Rb4 d5 25.Qc2 Qa5 26.Rb7 e6 27.Nf4 dxe4 28.dxe4 Rd8 29.b4 Qa1
30.b5 Bc3 31.Nd3 Bd4 32.Nf2 Qe1 33.Rc7 Bxf2 34.Qxf2 Rd2 35.Rc2 Rxf2+ 36.Rxf2 Qb4
37.e5 Qxb5 38.f4 Qd5+ 39.Kg1 Kg7 40.Re2 Qf3 41.Rg2 f6 42.exf6+ Kxf6 43.Kh2 Kf5
44.Kh3 Qf1 45.Kh2 Kg4  0-1

[Event "Calcutta"]
[Site "Calcutta"]
[Date "1992.??.??"]
[Round "3"]
[White "Murshed, Niaz"]
[Black "Koshy, Varugeese"]
[Result "1-0"]
[WhiteElo "2505"]
[BlackElo "2315"]

1.d4 g6 2.e4 Bg7 3.Nc3 d6 4.Nf3 c6 5.Be2 Nd7 6.O-O Qc7 7.Bg5 Ngf6 8.Qd2 O-O
9.a4 e5 10.Rfe1 Re8 11.Bc4 Nb6 12.Bb3 Be6 13.Bxe6 Rxe6 14.b3 Ree8 15.dxe5 dxe5
16.Rad1 Nbd7 17.Bh6 Nf8 18.Bxg7 Kxg7 19.h3 N6d7 20.Nb1 Rad8 21.Qc3 f6 22.Na3 Ne6
23.b4 Ndf8 24.Nc4 Rxd1 25.Rxd1 Rd8 26.Rxd8 Qxd8 27.g3 b6 28.Kg2 Qd7 29.a5 b5
30.Ncxe5 fxe5 31.Nxe5 Qd4 32.Qxd4 Nxd4 33.c3 Ne2 34.Nxc6 Nxc3 35.Nxa7 Ne6
36.Kf3 Kf6 37.Ke3 Ke7 38.Kd3 Na2 39.Nxb5 Nxb4+ 40.Kc4 Na6 41.f4 Kd7 42.Nd4 Nd8
43.g4 Nc7 44.e5 Nb7 45.Nb3 Ke6 46.Nc5+ Nxc5 47.Kxc5 g5 48.f5+ Kxe5 49.Kc6  1-0

[Event "Calcutta"]
[Site "Calcutta"]
[Date "1992.??.??"]
[Round "6"]
[White "Saravanan, V."]
[Black "Anilkumar, N R."]
[Result "1/2-1/2"]
[WhiteElo "2355"]
[BlackElo "2305"]

1.e4 g6 2.d4 Bg7 3.Nc3 d6 4.f4 Nf6 5.Nf3 O-O 6.Bd3 Na6 7.O-O c5 8.d5 Rb8
9.a4 Nb4 10.Bc4 e6 11.h3 exd5 12.exd5 Bf5 13.Rf2 Re8 14.g4 Bd7 15.Re2 Rxe2
16.Nxe2 h5 17.g5 Ne4 18.c3 Na6 19.Bd3 Qe7 20.Qf1 Re8 21.Ra3 Nc7 22.c4 Na6
23.Nc3 Ng3 24.Qf2 h4 25.Kg2 Nb4 26.Bb1 Nf5 27.Ne4 Nd4 28.Re3 Qf8 29.b3 Nf5
30.Re2 Ng3 31.Nxg3 hxg3 32.Kxg3 Rxe2 33.Qxe2 Qc8 34.Ng1 Bf5 35.Be4 Bd4 36.Bxf5 Qxf5
37.Nf3 Qb1 38.Be3 Qxb3 39.Bxd4 cxd4 40.Qe8+ Kg7 41.f5 gxf5 42.g6  1/2-1/2

[Event "Candas op"]
[Site "Candas"]
[Date "1992.??.??"]
[Round "2"]
[White "Ubilava, Elizbar"]
[Black "Brito, Alfredo"]
[Result "0-1"]
[WhiteElo "2560"]
[BlackElo "2400"]

1.d4 g6 2.e4 Bg7 3.Nc3 d6 4.g3 Nd7 5.Bg2 e5 6.Nge2 Ngf6 7.O-O O-O 8.h3 exd4
9.Nxd4 Re8 10.Re1 Nc5 11.a4 a5 12.Ndb5 Bd7 13.g4 Bc6 14.f3 h5 15.g5 Nh7 16.f4 Qd7
17.Nd4 Nxe4 18.Nxe4 Bxe4 19.b3 Bc6 20.Bb2 Nf8 21.f5 Be5 22.Qd3 Qd8 23.h4 Nd7
24.fxg6 fxg6 25.Rf1 Qe7 26.Bh3 Be4 27.Qc4+ d5 28.Qb5 Bh2+ 29.Kf2 Rf8+ 30.Ke3 Bf5+
31.Kd2 Bxh3 32.Qxd5+ Kh7 33.Rae1 Ne5 34.Rxf8 Rxf8  0-1

[Event "Candas op"]
[Site "Candas"]
[Date "1992.??.??"]
[Round "8"]
[White "Gallagher, Joseph G"]
[Black "Strikovic, Aleksa"]
[Result "1-0"]
[WhiteElo "2510"]
[BlackElo "2480"]

1.e4 g6 2.d4 Bg7 3.Nc3 d6 4.Nf3 Nf6 5.Be3 O-O 6.Qd2 Ng4 7.Bg5 h6 8.Bh4 c6
9.Bd3 b5 10.O-O Nf6 11.e5 dxe5 12.dxe5 Nd5 13.Nxd5 Qxd5 14.Qe3 Bg4 15.Bxe7 Re8
16.Be4 Qe6 17.Bd6 Bxf3 18.Bxf3 Bxe5 19.Bxe5 Qxe5 20.Qxe5 Rxe5 21.Rfd1 Na6
22.Bxc6 Rb8 23.Bf3 Nc5 24.b3 Rc8 25.Rac1 Ne6 26.c4 Rec5 27.Be2 Nf4 28.Bf1 Nd5
29.a3 a5 30.g3 bxc4 31.Rxc4 Rxc4 32.Bxc4 Nb6 33.Bf1 Rc6 34.Kg2 Kg7 35.h4 Kf6
36.Bb5 Re6 37.Kf3 Ke7 38.Rd4 Rf6+ 39.Ke3 Rf5 40.Bd3 Rc5 41.Kd2 g5 42.hxg5 hxg5
43.b4 axb4 44.Rxb4 Nd7 45.Rb5 Kd6 46.a4 Ne5 47.Rxc5 Kxc5 48.a5 f5 49.Bxf5 Nc4+
50.Ke2 Nxa5 51.Kf3  1-0

[Event "Cannes op"]
[Site "Cannes"]
[Date "1992.??.??"]
[Round "?"]
[White "Minasian, Artashes"]
[Black "Kljako, Damir"]
[Result "1-0"]
[WhiteElo "2545"]
[BlackElo "2335"]

1.e4 d6 2.d4 g6 3.Nc3 Bg7 4.Bg5 c6 5.Qd2 b5 6.a3 a6 7.Be2 Nd7 8.Nf3 Qc7 9.O-O Ngf6
10.Rfe1 O-O 11.e5 dxe5 12.dxe5 Nxe5 13.Nxe5 Qxe5 14.Bxb5 Qc7 15.Bc4 a5 16.Bf4 Qa7
17.h3 Re8 18.Rad1 Ba6 19.Bb3 Rac8 20.Be5 Qa8 21.Na4 Bb5 22.Nb6  1-0

[Event "Cannes op"]
[Site "Cannes"]
[Date "1992.??.??"]
[Round "?"]
[White "Salaun, Yann"]
[Black "Kljako, Damir"]
[Result "1-0"]
[WhiteElo "2225"]
[BlackElo "2335"]

1.e4 d6 2.d4 g6 3.Nc3 Bg7 4.Be3 Nf6 5.h3 O-O 6.Nf3 c6 7.a4 a5 8.Be2 Qc7 9.O-O e5
10.dxe5 dxe5 11.Nd2 Be6 12.Nc4 Nfd7 13.Qd6 Qc8 14.Rfd1 Re8 15.Qd2 Qc7 16.Nd6 Rd8
17.Bg5 f6 18.Bh6 Bxh6 19.Qxh6 Nb6 20.Nxb7 Rxd1+ 21.Rxd1 N8d7 22.Nd6 Rd8 23.Qe3 Kg7
24.b3 h5 25.Nb1 Nf8 26.Qd2 Kh7 27.Qxa5 Rd7 28.c4 Qb8 29.c5 Bxb3 30.Qxb6 Qxb6
31.cxb6 Bxd1 32.b7 Rxb7 33.Nxb7 Bxe2 34.Nc3 Bc4 35.Nc5 Ne6 36.Nxe6 Bxe6 37.a5 Bc8
38.Na4 Bb7 39.Nc5 Ba8 40.a6 Kg7  1-0

[Event "Cannes op"]
[Site "Cannes"]
[Date "1992.??.??"]
[Round "?"]
[White "Iruzubieta, Jesus Maria"]
[Black "Dunnington, Angus J"]
[Result "1/2-1/2"]
[WhiteElo "2280"]
[BlackElo "2380"]

1.e4 d6 2.d4 g6 3.Nc3 Bg7 4.Nf3 a6 5.a4 Bg4 6.Be2 Nc6 7.Be3 e5 8.dxe5 dxe5
9.Qxd8+ Rxd8 10.Nd5 Rd7 11.O-O-O Nf6 12.Nxf6+ Bxf6 13.h3 Be6 14.Rxd7 Bxd7
15.Rd1 Nd8 16.b3 Bc6 17.Nd2 h6 18.f3 b5 19.axb5 axb5 20.b4 Ne6 21.Nb3 Bg5
22.Bxg5 hxg5 23.Bf1 Ke7 24.c3 Rd8 25.Rxd8 Kxd8 26.Kd2 Ke7 27.Ke3 f6 28.Nc1 Bd7
29.Nd3 Kd6 30.g3 c6 31.h4  1/2-1/2

[Event "Cannes op"]
[Site "Cannes"]
[Date "1992.??.??"]
[Round "?"]
[White "Salaun, Yann"]
[Black "Dunnington, Angus J"]
[Result "1-0"]
[WhiteElo "2225"]
[BlackElo "2380"]

1.e4 d6 2.d4 g6 3.Nc3 Bg7 4.Be3 a6 5.Nf3 b5 6.Bd3 Nd7 7.O-O Bb7 8.a4 b4 9.Ne2 Ngf6
10.Ng3 c5 11.c3 bxc3 12.bxc3 O-O 13.a5 Qc7 14.h3 d5 15.e5 Ne4 16.Bxe4 dxe4
17.Ng5 h6 18.N5xe4 f5 19.exf6 exf6 20.Rb1 Rab8 21.dxc5 f5 22.Qd6 Qc6 23.Rxb7 Qxb7
24.c6 Qb3 25.cxd7 fxe4 26.Bb6  1-0

[Event "Cannes Martinez op"]
[Site "Cannes"]
[Date "1992.??.??"]
[Round "?"]
[White "Goldgewicht, Lionel"]
[Black "Dunnington, Angus J"]
[Result "1/2-1/2"]
[WhiteElo "2240"]
[BlackElo "2355"]

1.e4 d6 2.d4 g6 3.Nc3 Bg7 4.Nf3 a6 5.a4 Nf6 6.Be2 O-O 7.O-O Nc6 8.h3 e5 9.Be3 exd4
10.Nxd4 Re8 11.Bf3 Ne5 12.Be2 Nc6 13.Bf3 Na5 14.b3 c5 15.Nde2 Nc6 16.Nf4 Nd4
17.Ra2 Nd7 18.Ncd5 Ne5 19.Be2 Nec6 20.Bd3 Rb8 21.c3 Ne6 22.b4 b5 23.a5 Nxf4
24.Bxf4 cxb4 25.cxb4 Be6 26.Qd2 Bxd5 27.exd5 Nd4 28.Re1 Be5 29.Bg5 Qd7 30.Be3 Bf6
31.Rd1 Rbc8 32.Bxd4 Bxd4 33.Bxb5 Bxf2+ 34.Qxf2 Qxb5 35.Qb6 Qc4 36.Rf2 Re2  1/2-1/2

[Event "Cappelle op"]
[Site "Cappelle la Grande"]
[Date "1992.??.??"]
[Round "4"]
[White "Bouhallel, Rabah"]
[Black "Radulov, Ivan"]
[Result "0-1"]
[WhiteElo "2230"]
[BlackElo "2400"]

1.d4 d6 2.e4 g6 3.Nc3 Bg7 4.Nf3 c6 5.a4 Nf6 6.Be2 Nbd7 7.O-O O-O 8.h3 Qc7
9.Be3 b6 10.Nd2 Bb7 11.f4 a6 12.Qe1 b5 13.e5 Ne8 14.Qh4 e6 15.Nce4 c5 16.c3 bxa4
17.Bd3 Rd8 18.Ng5 h6 19.Bxg6 fxg6 20.Nxe6 Qc6 21.Qg3 Rc8 22.Qxg6 Rf7 23.Nf3 cxd4
24.Nexd4 Qd5 25.Nf5 Rxf5 26.Qxf5 Nf8 27.Rxa4 dxe5 28.fxe5 Nd6 29.Qg4 Nf7
30.Rb4 Re8 31.Bd4 Re6 32.Rf2 Rg6 33.Qf5 Ng5 34.Nh4 Re6 35.Nf3 Ne4 36.c4 Qd7
37.Rc2 Ng3 38.Qf4 Bxf3 39.gxf3 Rg6 40.Kf2 Ne6  0-1